|
|
|
|
| LEADER |
01140nam a22003012a 4500 |
| 001 |
000770954 |
| 003 |
CZ BrMZK |
| 005 |
20050418084831.0 |
| 007 |
ta |
| 008 |
050418s1953 xr er|||||||||||cze d |
| 040 |
|
|
|a ABA001
|b cze
|c OLA001
|d ABA001
|s BOA001
|
| 100 |
1 |
|
|a Štajgr, František,
|d 1895-1972
|7 jk01131066
|4 aut
|
| 245 |
1 |
0 |
|a Sovětské občanské právo :
|b [určeno] pro posluchače práv. fak. /
|c František Štajgr
|
| 250 |
|
|
|a 1. vyd.
|
| 260 |
|
|
|a Praha :
|b SPN,
|c 1953
|f (Praž. tisk. 06)
|
| 300 |
|
|
|a 59 s. ;
|c 4°
|
| 490 |
1 |
|
|a Učební texty vysokých škol
|
| 500 |
|
|
|a 460 výt.
|
| 500 |
|
|
|a Přehl. lit.
|
| 500 |
|
|
|a Vyd. Karlova univ. v Praze
|
| 710 |
2 |
|
|a Univerzita Karlova
|7 kn20010710036
|
| 830 |
|
0 |
|a Učební texty vysokých škol
|
| 910 |
|
|
|a BOA001
|b 4-0312.090
|
| 990 |
|
|
|a BK
|
| 991 |
|
|
|b 200504
|
| 996 |
7 |
|
|b 2619609656
|c 4-0312.090
|l MZK
|r Sklad / do 24 hodin
|n 0
|w 000770954
|u 000010
|a 1
|e BOA001
|j MZK50
|s A
|
| 996 |
6 |
|
|b BC-195669
|c 4-0312.090
|l MZK
|r Sklad / do 24 hodin
|n 0
|w 000770954
|u 000020
|a 1
|e BOA001
|j MZK50
|s P
|
| 996 |
6 |
|
|b BC-195670
|c 4-0312.090
|l MZK
|r Sklad / do 24 hodin
|n 0
|w 000770954
|u 000030
|a 1
|e BOA001
|j MZK50
|s P
|